Bibliografie ekonomické literatury knihy, články, recenze

Enregistré dans:
Détails bibliographiques
Format: Publication en série
Langue:tchèque
Publié: Praha Státní knihovna ČSSR 1972
Tags: Ajouter un tag
Pas de tags, Soyez le premier à ajouter un tag!

MARC

LEADER 00000nas2a2200000$$$4500
001 0008018
005 20041019155720.6
041 0 |a cze 
044 |a CZ 
245 1 0 |a Bibliografie ekonomické literatury  |b knihy, články, recenze 
264 1 |a Praha  |b Státní knihovna ČSSR  |c 1972 
300 |a 2 zv. 
773 0 |w eu_un_cat*0007999